Statistics for Technology by Letter: A

Click here to take the quiz!

General Stats

  • This quiz has been taken 55 times
  • The average score is 10 of 18

Answer Stats

HintAnswer% Correct
Tech giant that makes iProductsApple
98%
Flying means of transportationAirplane
92%
OS competing with the aboveAndroid
82%
Metal rod to send or receive radio wavesAntenna
71%
Broadcasting on mediumwave, e.g.AM Radio
69%
Primeval technology to cut woodAxe
69%
Road-building materialAsphalt
61%
Mixture of different metalsAlloy
59%
Device to increase a signalAmplifier
55%
Converts US plugs for use in the UK, e.g.Adapter
51%
Harmful insulation materialAsbestos
51%
Light metal extracted from BauxiteAlumin(i)um
49%
Variable opening of a cameraAperture
49%
Roman water transport systemAqueduct
45%
Curved feature of buildingsArch
45%
Plastic used as a glass substituteAcrylic
20%
Fertilizer substance that made Haber and Bosch famousAmmonia
20%
Spinning part of any weather stationAnemometer
16%

Score Distribution

Percentile by Number Answered

Percent of People with Each Score

Your Score History

You have not taken this quiz